02370nam a22003017a 4500003000900000008004100009040007100050082002700121110006600148245007200214260005100286300004600337440005700383505131100440650002001751650002201771650001501793650002301808650002701831650002601858700001901884700002601903700002201929700002901951700002601980700002802006710003402034AR-CdUCM190515b ||||| |||| 00| 0 spa d aMUNICIPALIDAD PROVINCIAL DEL CUSCOcBIBLIOTECA MUNICIPAL DEL CUSCO aCroniUrbana/N°11/2006 aCentro de Educación y Comunicación Guamán Poma de Ayala aCrónicas Urbanas :banálisis y perspectivas urbano regionales / aCusco :bCentro Guamán Poma de Ayala,c2006. a132 páginas. :bilustraciones ;c30 cm. aRevista Crónicas Urbanas.nAñño X, N°11, 2006 aContenido: Etnicidad y política, los puentes entre lo ideal y lo real. Gonzalo Portocarrero. -- Militares, eticidad y campesinado en el Perú agenda para una investigación. Cecilia Méndez. -- Exclusión y revancha lógicas autoritarias versus cultura democrática en el Perú. Karina Pacheco Medrano. -- Universalistas y particularistas dos maneras de entender la política. Antonio Pérez Valerga. -- ¿Quiénes somos? multiculturalismo y relaciones interétnicas en América Latina. Luis Esteban Gonzáles Manrique. -- Entrevista a Nelson Manrique no hay democracia con racismo. Luis Nieto Degregori. -- Conclusiones críticas sobre la identidad Cultural. Pedro Gómez García. -- Ley de bases de Municipalidades reconocimiento de nuestra diversidad y desarrollo de autonomía local. Hildebrando Castro Pozo Díaz. -- La resurrección del Inca, el papel de las representaciones indígenas en la invención de la nación peruana. Antoinette Molinié. -- La nación en venta bricheros turismo y mercado en el Perú contemporáneo. Víctor Vich. -- ¿Comentarios reales o inventados? los profesores cusqueños tienen la palabra. Carlos Miguel Salazar Zagazeta. -- Clorinda Matto de Turner infatigable obrera del pensamiento. Rocío Ferreira. -- Kukuli. Gabriela Martínez. aHistoria Urbana aDesarrollo Urbano aPolítica aHistoria del Cusco aDesarrollo económico aPolítica indígena aVich, Víctor aPortocarrero, Gonzalo aMéndez, Cecilia aPérez Valerga, Antonio aNieto Degregori, Luis aGómez García, Pedro aCentro Guamán Poma de Ayala